| 000 | 00403nam a22001457a 4500 | ||
|---|---|---|---|
| 005 | 20200613135108.0 | ||
| 008 | 200613b xxu||||| |||| 00| 0 eng d | ||
| 082 | _a345.4 AIR | ||
| 110 |
_aALL INDIA REPORTER , _96074 |
||
| 245 | _aALL INDIA REPORTER , [1981] [VOL-68] KARNATAKA SECTION | ||
| 260 |
_aMUMBAI _bALL INDIA REPORTER , PVT. LTD. |
||
| 300 | _a368;p | ||
| 650 |
_aLAW _95701 |
||
| 942 | _cJRL | ||
| 999 |
_c7132 _d7130 |
||